00367 a2200145 4500003000400000005001700004008004100021020001800062040000900080082001500089100002600104245005700130260002500187300000900212OSt20240116154555.0240116b |||||||| |||| 00| 0 eng d a9788182719774 coclc a297bHAM/D aHameedullah, Muhamed  aDaivadoothanaya muhammad /cDr.Muhammed Hameedullah aKerala:bIPH,c2019. a599p